| 000 | 00775cam a22002771 4500 | ||
|---|---|---|---|
| 001 | pa 58000068 | ||
| 003 | DLC | ||
| 005 | 20260227111854.0 | ||
| 008 | 840621s1958 dcuab b i000 0 eng | ||
| 010 | _apa 58000068 | ||
| 035 | _a(OCoLC)10869144 | ||
| 040 |
_aDLC _cKWiU _dDLC |
||
| 042 | _apremarc | ||
| 050 | 0 | 0 |
_aF1483.5 _b.P3 1958 |
| 082 | _a917.284 | ||
| 110 | 2 |
_aPan American Union. _bTravel Division. |
|
| 245 | 1 | 0 | _aVisit El Salvador. |
| 250 | _a[Rev. ed.] | ||
| 260 |
_aWashington _c[1958] |
||
| 300 |
_a24 p. _billus. map. _c23 cm. |
||
| 490 | 1 | _aIts Travel in the Americas | |
| 500 | _aCover title. | ||
| 504 | _aBibliography: p. 24. | ||
| 651 | 0 |
_aEl Salvador _vGuidebooks. |
|
| 810 | 2 |
_aPan American Union. _bTravel Division. _tTravel in the Americas. |
|
| 999 |
_c51380 _d51380 |
||